000 00576nam a22001937a 4500
005 20251108165201.0
008 250721s1993 xx 000 0 ara d
082 1 4 _a956/إبر
100 1 _aعبد الكريم، إبراهيم
245 1 0 _aالإستشراق و أبحاث الصراع لدى إسرائيل /
264 1 _aعمان :
_bدار الجليل،
_c1993.
300 _a598ص.
650 1 7 _aالإستشراق و المستشرقون
650 1 7 _aاليهود
650 1 7 _aالعرب
650 1 7 _aالتاريخ
942 _2ddc
_cBK
999 _c21520
_d21520